书目信息 |
| 题名: |
主体功能区背景下的城市群空间重构
|
|
| 作者: | 伍世代 , 曾月娥 著 | |
| 分册: | ||
| 出版信息: | 北京 科学出版社 2017.06 |
|
| 页数: | 242页 | |
| 开本: | 24cm | |
| 丛书名: | ||
| 单 册: | ||
| 中图分类: | TU984.257 , TU984.11 | |
| 科图分类: | ||
| 主题词: | 城市空间--空间规划--研究--福建 | |
| 电子资源: | ||
| ISBN: | 978-7-03-053130-8 | |
| 000 | 01030nam0 2200253 450 | |
| 001 | 4318 | |
| 005 | 20181011095810.97 | |
| 010 | @a978-7-03-053130-8@dCNY98.00 | |
| 100 | @a20170905d2017 em y0chiy50 ea | |
| 101 | 0 | @achi |
| 102 | @aCN@b110000 | |
| 105 | @aa z 000yy | |
| 200 | 1 | @a主体功能区背景下的城市群空间重构@9zhu ti gong neng qu bei jing xia de cheng shi qun kong jian chong gou@f伍世代,曾月娥著 |
| 210 | @a北京@c科学出版社@d2017.06 | |
| 215 | @a242页@c图@d24cm | |
| 300 | @a国家自然科学基金支持 | |
| 330 | @a本书以厦漳泉城市群为典型案例,对其空间总体特征进行剖解,将焦点投向同城化和主体功能区实施影响下的城市群空间发展要素,探讨这一背景下厦漳泉城市群空间重构导向、模式及实现路径,构建科学合理的城市群空间格局,以期丰富与拓展城市群空间重构系统研究。 | |
| 606 | 0 | @a城市空间@x空间规划@x研究@y福建 |
| 690 | @aTU984.257@v5 | |
| 690 | @aTU984.11@v4 | |
| 701 | 0 | @a伍世代@9wu shi dai@f(1962-)@4著 |
| 701 | 0 | @a曾月娥@9zeng yue e@f(1988-)@4著 |
| 801 | 0 | @aCN@b91MARC@c20170905 |
| 905 | @aMuseLib@dTU984.11@e1453 | |
| 主体功能区背景下的城市群空间重构/伍世代,曾月娥著.-北京:科学出版社,2017.06 |
| 242页:图;24cm |
| 国家自然科学基金支持 |
| ISBN 978-7-03-053130-8:CNY98.00 |
| 本书以厦漳泉城市群为典型案例,对其空间总体特征进行剖解,将焦点投向同城化和主体功能区实施影响下的城市群空间发展要素,探讨这一背景下厦漳泉城市群空间重构导向、模式及实现路径,构建科学合理的城市群空间格局,以期丰富与拓展城市群空间重构系统研究。 |
| ● |
| 相关链接 |
|
|
|
|
正题名:主体功能区背景下的城市群空间重构
索取号:TU984.11/1453
 
预约/预借
| 序号 | 登录号 | 条形码 | 馆藏地/架位号 | 状态 | 备注 |
| 1 | 1124581 | 211245810 | 第二样本阅览室/ [索取号:TU984.11/1453] | 在馆 | |
| 2 | 1124582 | 211245829 | 资源管理系资料室/ [索取号:TU984.11/1453] | 在馆 | |
| 3 | 1124583 | 211245838 | 第三借阅区/ [索取号:TU984.11/1453] | 在馆 | |
| 4 | 1124584 | 211245847 | 第三借阅区/ [索取号:TU984.11/1453] | 在馆 | |
| 5 | 1124585 | 211245856 | 第三借阅区/ [索取号:TU984.11/1453] | 在馆 |